Sanat - "Juha88" - Vilma Alina feat. Teflon Brothers - Statistics

Yleistilastot
  • Tätä visaa on pelattu 310 kertaa
  • Keskiarvotulos 142 / 227
Vastaustilastot
Vastaus % Oikein
Juha88
96%
tulin
96%
takki
95%
tänne
95%
Ja
94%
ja
94%
takiasi
94%
93%
lasiasi
91%
siinä
90%
vaa
89%
vähän
86%
ei
85%
istut
85%
tuijotellen
85%
Mut
82%
mut
82%
musta
79%
taida
78%
tulla
78%
on
77%
pariasi
76%
se
76%
73%
kun
72%
silti
72%
eipä
71%
et
71%
sen
71%
vain
68%
ikää
67%
lisää
66%
treffit
66%
vuotta
66%
äijä
64%
ainakin
63%
kymmenen
63%
sisään
63%
pikku
62%
huomaan
61%
äijällä
60%
harmittomat
59%
heti
59%
yhet
59%
väitti
57%
luulin
56%
plus
56%
minkä
55%
tenttiviikon
54%
tuun
54%
voi
52%
vaimo
50%
en
48%
stressin
48%
poistais
47%
antaa
46%
koittaa
46%
pusuu
46%
ottaa
45%
hölmö
44%
voidaan
44%
hyvää
43%
iltaa
43%
niskaan
42%
kivat
41%
huutaa
40%
kolmistaan
40%
myös
40%
kiitti
39%
sit
39%
jaa
38%
kuluu
38%
mul
38%
oon
37%
vartti
37%
puhuu
35%
isiis
34%
jutut
33%
kai
33%
lähempänä
33%
silmiisi
33%
kunhan
32%
loppuu
32%
Nopeasti
32%
nyt
32%
päästään
32%
tää
32%
Jaahas
31%
osaa
31%
sopertaa
31%
ees
30%
hellä
30%
iältäni
30%
kattoo
30%
oli
30%
sillon
30%
silviisii
30%
sujuu
30%
itsetuntopula
29%
ihan
28%
kynnyksellä
28%
meil
28%
yli
28%
kumartuu
27%
nimi
27%
pöydän
27%
viriili
27%
aikuisuuden
26%
beibi
26%
mekon
25%
odota
25%
hiljaisuus
24%
kiusallinen
24%
noniin
24%
olla
24%
kolmi-Juha
23%
meillä
23%
nii
23%
taliaivo
23%
Ego
22%
feikki
22%
saa
22%
keho
21%
kohta
21%
sairaan
21%
pajunköyttä
19%
syöttäny
19%
joit
18%
lunasta
18%
sitä
18%
sainaa
16%
kaino
15%
katseella
15%
riisunu
14%
shekkei
14%
yöh!
14%
piril
11%
Ehtoja vastaavia visoja ei löytynyt
Tulosjakauma
Jokaisen tuloksen saaneiden osuus
Persentiili vastausten määrän mukaan
Tuloshistoriasi
Et ole pelannut tätä visaa